[Event "BAN-chB (Women) 41st"]
[Site "Dhaka"]
[Date "2022.11.11"]
[Round "5"]
[White "Maiesha, Mahzabin Tisha"]
[Black "Sultana, Zakia"]
[Result "1-0"]
[WhiteElo "1434"]
[BlackElo "1761"]
[PlyCount "73"]
[EventDate "2022.11.07"]
[EventType "swiss"]
[EventRounds "8"]
[EventCountry "BAN"]
[SourceTitle "EXT 2024"]
[Source "ChessBase"]
[SourceDate "2023.10.10"]
[SourceVersion "1"]
[SourceVersionDate "2023.10.10"]
[SourceQuality "1"]

1. e4 e6 2. d4 d5 3. Nc3 Nf6 4. Bg5 Bb4 5. e5 h6 6. exf6 hxg5 7. fxg7 Rg8 8. Nf3 Qf6 9. a3 Bxc3+ 10. bxc3 Nd7 11. h3 Qxg7 12. g4 c6 13. Bd3 Qf6 14. a4 Qf4 15. Qe2 Kf8 16. Qe3 Qf6 17. h4 gxh4 18. Rxh4 Rh8 19. g5 Qg7 20. Rxh8+ Qxh8 21. Kd2 Ke7 22. Rg1 Nf8 23. Ne5 Qg7 24. f4 Kd8 25. Re1 f6 26. gxf6 Qxf6 27. Rg1 Bd7 28. Rg8 Rc8 29. Qg3 Be8 30. Rg7 Rc7 31. Rxc7 Kxc7 32. Nf3 Kb6 33. f5 exf5 34. a5+ Kxa5 35. Qc7+ Ka4 36. Qxb7 Qh6+ 37. Ke2 1-0

[Event "BAN-chT (Women)"]
[Site "Dhaka"]
[Date "2021.09.12"]
[Round "5.1"]
[White "Chowdhury Afroza, Hoque"]
[Black "Sultana, Zakia"]
[Result "1-0"]
[WhiteElo "1435"]
[BlackElo "1771"]
[PlyCount "79"]
[EventDate "2021.09.08"]
[EventType "team-tourn"]
[EventRounds "9"]
[EventCountry "BAN"]
[SourceTitle "CBM 204 Extra"]
[Source "ChessBase"]
[SourceDate "2021.11.30"]
[SourceVersion "1"]
[SourceVersionDate "2021.11.30"]
[SourceQuality "1"]
[WhiteTeam "Sheikh Russel (W)"]
[BlackTeam "Titas CC (W)"]
[WhiteTeamCountry "BAN"]
[BlackTeamCountry "BAN"]

1. d4 d5 2. c4 e6 3. Nc3 Nf6 4. Bg5 c6 5. e3 Be7 6. Nf3 Nbd7 7. Bd3 h6 8. Bf4 dxc4 9. Bxc4 Nb6 10. Bb3 Nbd5 11. Bg3 Qa5 12. Qd3 Nb4 13. Qd2 Qa6 14. Ne5 Nbd5 15. Bc4 Qb6 16. 0-0 0-0 17. a3 Qd8 18. Bd3 Nd7 19. Nc4 N7b6 20. e4 Nf6 21. e5 Nh5 22. Ne4 Nxg3 23. fxg3 Qxd4+ 24. Nf2 Kh8 25. Qe2 Nxc4 26. Bxc4 Bg5 27. Rad1 Qe3 28. Kh1 Qxe2 29. Bxe2 a5 30. Ne4 Be3 31. Bh5 Kg8 32. Bxf7+ Kh8 33. Nd6 Bb6 34. Be8 Rxf1+ 35. Rxf1 Kh7 36. Rf8 Bc5 37. Bf7 b5 38. Re8 Bd4 39. Nxc8 Bxe5 40. Bxe6 1-0

[Event "BAN Games Blitz (Women) 9th"]
[Site "Dhaka"]
[Date "2021.04.03"]
[Round "2.3"]
[White "Wadifa, Ahmed"]
[Black "Sultana, Zakia"]
[Result "1/2-1/2"]
[WhiteElo "1595"]
[BlackElo "1786"]
[PlyCount "87"]
[EventDate "2021.04.03"]
[EventType "swiss (blitz)"]
[EventRounds "9"]
[EventCountry "BAN"]
[SourceTitle "CBM 201 Extra"]
[Source "ChessBase"]
[SourceDate "2021.05.31"]
[SourceVersion "1"]
[SourceVersionDate "2021.05.31"]
[SourceQuality "1"]

1. e4 e6 2. d4 d5 3. Nc3 Nf6 4. exd5 exd5 5. Bd3 Be7 6. Nge2 c6 7. 0-0 0-0 8. Bf4 Bg4 9. h3 Bh5 10. Bg3 Bg6 11. Nf4 Bxd3 12. Nxd3 Nbd7 13. Re1 Re8 14. Ne5 Bf8 15. Bh2 Nxe5 16. Rxe5 Qd7 17. Qe2 h6 18. Re1 Rxe5 19. Bxe5 Qf5 20. Nd1 Re8 21. Ne3 Qg6 22. Bxf6 gxf6 23. Qd2 Bd6 24. c3 Bf4 25. g3 Bxe3 26. Rxe3 Rxe3 27. Qxe3 Qb1+ 28. Kg2 Qxb2 29. Qxh6 Qxc3 30. Qxf6 Qb4 31. Qg5+ Kf8 32. Qh6+ Ke7 33. Qe3+ Kf8 34. Qh6+ Kg8 35. Qg5+ Kf8 36. Qh6+ Ke7 37. Qe3+ Kd7 38. Qf4 Qe7 39. Qb8 Qe4+ 40. Kg1 Qe1+ 41. Kg2 Qe4+ 42. Kg1 Qe1+ 43. Kg2 Qe4+ 44. Kg1 1/2-1/2

[Event "BAN Games Rapid (Women) 9th"]
[Site "Dhaka"]
[Date "2021.04.02"]
[Round "1.4"]
[White "Kazi Zarin, Tasnim"]
[Black "Sultana, Zakia"]
[Result "0-1"]
[WhiteElo "1790"]
[BlackElo "1786"]
[PlyCount "146"]
[EventDate "2021.04.02"]
[EventType "swiss (rapid)"]
[EventRounds "9"]
[EventCountry "BAN"]
[SourceTitle "CBM 201 Extra"]
[Source "ChessBase"]
[SourceDate "2021.05.31"]
[SourceVersion "1"]
[SourceVersionDate "2021.05.31"]
[SourceQuality "1"]

1. e4 e6 2. d4 d5 3. exd5 exd5 4. Nf3 Nf6 5. Bd3 Be7 6. 0-0 Bg4 7. Re1 0-0 8. h3 Bh5 9. Bf4 Nbd7 10. c3 c6 11. Nbd2 Re8 12. Qb3 Bxf3 13. Nxf3 Qb6 14. Qc2 h6 15. Qd2 Bf8 16. Ne5 Nxe5 17. Bxe5 Nd7 18. Bg3 Nf6 19. Bc2 Ne4 20. Qd3 g6 21. Be5 Rxe5 22. dxe5 Qxf2+ 23. Kh1 Qxe1+ 24. Rxe1 Nf2+ 25. Kh2 Nxd3 26. Bxd3 Re8 27. e6 Kg7 28. c4 Rxe6 29. Rd1 dxc4 30. Bxc4 Rd6 31. Rf1 Rf6 32. Rd1 Bd6+ 33. Kg1 Bc5+ 34. Kh1 Rd6 35. Rf1 f5 36. Re1 Kf6 37. a3 b5 38. Bf1 Bd4 39. Rd1 Be5 40. Rb1 Rd2 41. b3 Rb2 42. Rc1 Rxb3 43. Rxc6+ Kg5 44. Kg1 Bd4+ 45. Kh2 Rb1 46. Bd3 Be5+ 47. g3 Rb2+ 48. Bc2 h5 49. h4+ Kh6 50. Kh3 Kg7 51. Rc5 Bd6 52. Rc6 Bxa3 53. Bd3 a5 54. Ra6 a4 55. Rb6 Bc5 56. Rb7+ Kf6 57. Rc7 Bd6 58. Rc6 Ke5 59. Rc8 a3 60. Re8+ Kd4 61. Bf1 a2 62. Ra8 Rb1 63. Rxa2 Rxf1 64. Rd2+ Kc5 65. Kg2 Rc1 66. Re2 Rc3 67. Re6 Rxg3+ 68. Kf2 Rg4 69. Kf3 b4 70. Ke3 b3 71. Kd3 Kd5 72. Re2 Be5 73. Re1 Rxh4 0-1

[Event "Dhaka Bangabandhu op-B"]
[Site "Dhaka"]
[Date "2021.03.15"]
[Round "7"]
[White "Sultana, Zakia"]
[Black "Bablu, Sheikh"]
[Result "0-1"]
[WhiteElo "1814"]
[BlackElo "1702"]
[PlyCount "54"]
[EventDate "2021.03.09"]
[EventType "swiss"]
[EventRounds "9"]
[EventCountry "BAN"]
[SourceTitle "CBM 201 Extra"]
[Source "ChessBase"]
[SourceDate "2021.05.31"]
[SourceVersion "1"]
[SourceVersionDate "2021.05.31"]
[SourceQuality "1"]

1. d4 d5 2. Nf3 Bf5 3. Bf4 e6 4. e3 Bd6 5. Bg3 Qe7 6. c3 Nd7 7. Nbd2 Ngf6 8. Be2 h6 9. Ne5 0-0 10. f4 Ne4 11. Nxe4 Bxe4 12. 0-0 Nf6 13. Bh4 Qd8 14. Bd3 Bxd3 15. Qxd3 Be7 16. Bxf6 Bxf6 17. Rf3 Bxe5 18. fxe5 f5 19. exf6 Rxf6 20. Raf1 Rxf3 21. Rxf3 Qd6 22. e4 Rf8 23. exd5 Qxd5 24. Rxf8+ Kxf8 25. Qf3+ Ke8 26. h3 c6 27. Kf2 Kd8 0-1

[Event "Dhaka rapid (Women) op"]
[Site "Dhaka"]
[Date "2021.03.08"]
[Round "5"]
[White "Tasnia Tarannum, Orpa"]
[Black "Sultana, Zakia"]
[Result "0-1"]
[WhiteElo "1375"]
[BlackElo "1817"]
[PlyCount "125"]
[EventDate "2021.03.08"]
[EventType "swiss (rapid)"]
[EventRounds "7"]
[EventCountry "BAN"]
[SourceTitle "CBM 201 Extra"]
[Source "ChessBase"]
[SourceDate "2021.05.31"]
[SourceVersion "1"]
[SourceVersionDate "2021.05.31"]
[SourceQuality "1"]

1. e4 e6 2. d4 d5 3. exd5 exd5 4. Nc3 Nf6 5. Be2 Bf5 6. Bg5 Be7 7. Nf3 c6 8. 0-0 0-0 9. Bd3 Bxd3 10. Qxd3 h6 11. Bh4 Nbd7 12. Rfe1 Re8 13. Re2 Qc7 14. Bg3 Bd6 15. Bxd6 Qxd6 16. Rae1 Rxe2 17. Rxe2 Qf4 18. Qd2 Qxd2 19. Nxd2 Kf8 20. f3 Re8 21. Kf2 Rxe2+ 22. Kxe2 Ke7 23. Ke3 Kd6 24. Ne2 b6 25. Ng3 g6 26. b3 Ne8 27. c4 Nc7 28. cxd5 Nxd5+ 29. Kf2 Nb4 30. a3 Nc2 31. Nc4+ Ke7 32. Ne2 g5 33. Kg3 f5 34. h4 b5 35. Na5 Kd6 36. a4 bxa4 37. bxa4 Kd5 38. h5 Nf6 39. Kf2 Nxh5 40. g4 fxg4 41. fxg4 Nf6 42. Kg3 Ne4+ 43. Kf3 Nd2+ 44. Kf2 Nc4 45. Nb3 Nb2 46. a5 Nd3+ 47. Kf3 c5 48. Nxc5 Nxc5 49. dxc5 Kxc5 50. Nc3 Kb4 51. Nd5+ Kxa5 52. Nf6 Nd4+ 53. Ke3 Ne6 54. Ng8 Kb4 55. Nxh6 a5 56. Kd3 Kb3 57. Nf5 a4 58. Ne3 a3 59. Nc2 Nf4+ 60. Kd2 a2 61. Kc1 Ne2+ 62. Kd2 Nc1 63. Kxc1 0-1

[Event "Asian-ch Seniors 50 zt 3.2"]
[Site "Chess.com INT"]
[Date "2020.07.17"]
[Round "3.8"]
[White "Sultana, Zakia"]
[Black "Rasheed, Hassan"]
[Result "1-0"]
[WhiteElo "1817"]
[BlackElo "1469"]
[PlyCount "107"]
[EventDate "2020.07.17"]
[EventType "swiss (blitz)"]
[EventRounds "7"]
[EventCountry "BAN"]
[SourceTitle "EXT 2024"]
[Source "ChessBase"]
[SourceDate "2023.10.10"]
[SourceVersion "1"]
[SourceVersionDate "2023.10.10"]
[SourceQuality "1"]

1. d4 Nf6 2. Nf3 d5 3. Bf4 e6 4. e3 Bd6 5. Bg3 Bxg3 6. hxg3 Nc6 7. c3 Bd7 8. Bd3 Ne4 9. Nbd2 f5 10. Qc2 Qe7 11. Nb3 g6 12. 0-0-0 0-0-0 13. Kb1 Kb8 14. Bxe4 fxe4 15. Nfd2 Qf7 16. Rdf1 g5 17. g4 Qg6 18. Nc5 Bc8 19. a3 h6 20. f3 exf3 21. Qxg6 fxg2 22. Rhg1 gxf1Q+ 23. Rxf1 Rde8 24. Ka2 b6 25. Ncb3 Kb7 26. e4 Reg8 27. Qh5 Ne7 28. exd5 Nxd5 29. Qh1 Kb8 30. Nc4 Bb7 31. Qg1 Nf4 32. Ne5 h5 33. gxh5 Rxh5 34. Rxf4 Rh1 35. Qg3 Rh5 36. Rf2 Bd5 37. c4 Bc6 38. Nxc6+ Kb7 39. Ne7 Re8 40. Qf3+ Ka6 41. Qxh5 Rxe7 42. Qxg5 Rd7 43. d5 exd5 44. cxd5 Rd6 45. Qe5 Kb7 46. Rc2 a5 47. Qe7 Rxd5 48. Qxc7+ Ka6 49. Qc4+ Rb5 50. Nd4 a4 51. Qxb5+ Kb7 52. Rc6 Kb8 53. Qxb6+ Ka8 54. Rc8# 1-0

[Event "Dhaka Saarc (Women) op 1st"]
[Site "Dhaka"]
[Date "2019.12.03"]
[Round "9"]
[White "Khan, Nazrana"]
[Black "Sultana, Zakia"]
[Result "1/2-1/2"]
[WhiteElo "1961"]
[BlackElo "1832"]
[PlyCount "40"]
[EventDate "2019.11.25"]
[EventType "swiss"]
[EventRounds "9"]
[EventCountry "BAN"]
[SourceTitle "CBM 193 Extra"]
[Source "ChessBase"]
[SourceDate "2020.01.31"]
[SourceVersion "1"]
[SourceVersionDate "2020.01.31"]
[SourceQuality "1"]

1. d4 d5 2. c4 e6 3. Nf3 Nf6 4. Nc3 c6 5. e3 Be7 6. Bd3 Nbd7 7. 0-0 0-0 8. e4 dxe4 9. Nxe4 Nxe4 10. Bxe4 Nf6 11. Bc2 c5 12. Be3 b6 13. Qe2 Bb7 14. Rad1 Qc7 15. h3 Rfd8 16. b3 Rac8 17. Rd2 Ra8 18. Rdd1 Rac8 19. Rd2 Ra8 20. Rdd1 Rac8 1/2-1/2

[Event "Dhaka (Women) op 10th"]
[Site "Dhaka"]
[Date "2019.01.29"]
[Round "3"]
[White "Nusrat Jahan, Alo"]
[Black "Sultana, Zakia"]
[Result "0-1"]
[WhiteElo "1443"]
[BlackElo "1844"]
[PlyCount "130"]
[EventDate "2019.01.27"]
[EventType "swiss"]
[EventRounds "7"]
[EventCountry "BAN"]
[SourceTitle "CBM 189 Extra"]
[Source "ChessBase"]
[SourceDate "2019.06.03"]
[SourceVersion "1"]
[SourceVersionDate "2019.06.03"]
[SourceQuality "1"]

1. e4 e6 2. d4 d5 3. Nc3 Nf6 4. e5 Nfd7 5. f4 c5 6. Nf3 Nc6 7. Be3 Be7 8. Be2 cxd4 9. Nxd4 Nxd4 10. Bxd4 0-0 11. 0-0 f6 12. Qd2 Bc5 13. Na4 Bxd4+ 14. Qxd4 Qc7 15. exf6 Nxf6 16. Nc3 Bd7 17. Rae1 b6 18. Bd3 Qc5 19. Qxc5 bxc5 20. f5 Rae8 21. fxe6 Rxe6 22. Rxe6 Bxe6 23. b3 c4 24. Bf5 Bf7 25. Nb5 a5 26. Nd6 h6 27. Nxf7 Kxf7 28. Bd7 Ke7 29. Bb5 cxb3 30. axb3 Kd6 31. c4 dxc4 32. Bxc4 Re8 33. Rd1+ Kc5 34. Ra1 Ra8 35. Kf1 a4 36. Ke2 a3 37. Kd3 Kb4 38. Kc2 Rd8 39. g3 Rd4 40. Rc1 Ne4 41. Bd3 Nc5 42. Bc4 Rd6 43. Ra1 Rf6 44. Rd1 Rf2+ 45. Kb1 Rxh2 46. Ka1 Rg2 47. Rd4 Nxb3+ 48. Bxb3+ Kxb3 49. Rd3+ Kb4 50. Rd4+ Kc3 51. Rd1 Rxg3 52. Rc1+ Kd2 53. Rc7 h5 54. Rd7+ Ke2 55. Re7+ Kf2 56. Rf7+ Kg2 57. Rc7 g5 58. Rc2+ Kh3 59. Rc1 Kh2 60. Rc2+ Rg2 61. Rc3 Rg3 62. Rc2+ Kh1 63. Rd2 Rg1+ 64. Ka2 Rg2 65. Rxg2 Kxg2 0-1

[Event "Olympiad Women-43"]
[Site "Batumi"]
[Date "2018.09.30"]
[Round "6.28"]
[White "Williams, Margoe"]
[Black "Sultana, Zakia"]
[Result "1/2-1/2"]
[WhiteElo "1617"]
[BlackElo "1838"]
[PlyCount "104"]
[EventDate "2018.09.24"]
[EventType "team-swiss"]
[EventRounds "11"]
[EventCountry "GEO"]
[SourceTitle "EXT 2020"]
[Source "ChessBase"]
[SourceDate "2019.10.17"]
[SourceVersion "1"]
[SourceVersionDate "2019.10.17"]
[SourceQuality "1"]
[WhiteTeam "Jamaica (W)"]
[BlackTeam "Bangladesh (W)"]
[WhiteTeamCountry "JAM"]
[BlackTeamCountry "BAN"]

1. d4 d5 2. Bf4 e6 3. e3 Nf6 4. c3 Bd6 5. Bg3 b6 6. Bd3 Bb7 7. Nf3 h6 8. Nbd2 Nbd7 9. Ne5 a6 10. Qe2 Bxe5 11. dxe5 Ne4 12. f4 Ndc5 13. Bc2 g6 14. 0-0-0 Qe7 15. Nf3 0-0-0 16. Nd4 h5 17. Rhf1 Kb8 18. Bxe4 dxe4 19. Rd2 Nd3+ 20. Kb1 c5 21. Nb3 Rd7 22. Rfd1 Rhd8 23. Nc1 c4 24. Qf1 b5 25. Ne2 b4 26. cxb4 Qxb4 27. Nc3 Rc8 28. Rc2 Bc6 29. a3 Qb3 30. Rdd2 Rb7 31. Ka1 Ka8 32. Bh4 Rcb8 33. Qb1 a5 34. Qa2 a4 35. h3 Rc8 36. Bg3 Rd7 37. Bh4 Rb8 38. Bg3 Rb6 39. Bh4 Rb8 40. Bg3 Nc1 41. Qb1 Rxd2 42. Rxd2 Nd3 43. Qc2 Nc5 44. Nd1 Qb5 45. Rd6 Nb3+ 46. Ka2 Qc5 47. Be1 Bd5 48. Bb4 Qa7 49. Qc3 Rc8 50. Nf2 Qb7 51. Nh1 Qb5 52. Ng3 Kb7 1/2-1/2

[Event "Olympiad Women-43"]
[Site "Batumi"]
[Date "2018.09.28"]
[Round "5.33"]
[White "Hng, Mei Xian Eunice"]
[Black "Sultana, Zakia"]
[Result "0-1"]
[WhiteElo "1687"]
[BlackElo "1838"]
[PlyCount "149"]
[EventDate "2018.09.24"]
[EventType "team-swiss"]
[EventRounds "11"]
[EventCountry "GEO"]
[SourceTitle "EXT 2020"]
[Source "ChessBase"]
[SourceDate "2019.10.17"]
[SourceVersion "1"]
[SourceVersionDate "2019.10.17"]
[SourceQuality "1"]
[WhiteTeam "Singapore (W)"]
[BlackTeam "Bangladesh (W)"]
[WhiteTeamCountry "SIN"]
[BlackTeamCountry "BAN"]

1. e4 e6 2. d4 d5 3. Nc3 Nf6 4. Bg5 Be7 5. e5 Nfd7 6. h4 a6 7. Bxe7 Qxe7 8. f4 c5 9. Nf3 Nc6 10. Qd2 cxd4 11. Nxd4 Qb4 12. 0-0-0 Nxd4 13. Qxd4 Qxd4 14. Rxd4 b5 15. g4 Bb7 16. Bg2 Nb6 17. f5 Ke7 18. Re1 Rhd8 19. Ne2 Rac8 20. Nf4 Rc7 21. Nh5 Rdc8 22. Re2 Kf8 23. f6 gxf6 24. Nxf6 Kg7 25. Nh5+ Kg8 26. Nf6+ Kg7 27. Nh5+ Kf8 28. Nf6 Nc4 29. Bh3 Kg7 30. g5 Nb6 31. h5 Rc4 32. Rd3 Rf4 33. g6 hxg6 34. hxg6 Rh8 35. gxf7 Kxf7 36. b3 b4 37. Rg3 Rfh4 38. Bg2 Bc6 39. Rf2 Ke7 40. Rg7+ Kd8 41. Kb2 Rf8 42. Rf1 a5 43. Ra7 a4 44. Rg1 a3+ 45. Kc1 Nc8 46. Rg7 Ne7 47. Bf3 Nf5 48. R7g4 Rfh8 49. Rxh4 Rxh4 50. Rg4 Rh3 51. Be2 Re3 52. Kd2 Rxe5 53. Rxb4 Nd6 54. Ng4 Re4 55. Rxe4 Nxe4+ 56. Kd3 Bb5+ 57. c4 Ba6 58. Ne5 Kc7 59. Kd4 Nd2 60. Kc3 dxc4 61. Nxc4 Ne4+ 62. Kb4 Ng3 63. Bg4 Bxc4 64. bxc4 e5 65. Kxa3 e4 66. Kb3 Kc6 67. Kc2 Kc5 68. Be6 e3 69. Kd1 e2+ 70. Ke1 Kb4 71. Bd5 Kc5 72. a3 Kd4 73. a4 Ke3 74. a5 Nf5 75. Bf7 0-1

[Event "BAN-ch (Women) 38th"]
[Site "Dhaka"]
[Date "2018.08.11"]
[Round "4"]
[White "Sultana, Zakia"]
[Black "Kiswara, Shajrin Evana"]
[Result "1-0"]
[WhiteElo "1837"]
[BlackElo "1622"]
[PlyCount "139"]
[EventDate "2018.08.08"]
[EventType "swiss"]
[EventRounds "9"]
[EventCountry "BAN"]
[SourceTitle "EXT 2019"]
[Source "ChessBase"]
[SourceDate "2018.10.10"]
[SourceVersion "1"]
[SourceVersionDate "2018.10.10"]
[SourceQuality "1"]

1. d4 e6 2. Nf3 Nf6 3. e3 d5 4. Bd3 c5 5. b3 Be7 6. Bb2 0-0 7. 0-0 b6 8. Qe2 Nc6 9. a3 Bb7 10. Nbd2 Qc7 11. c4 cxd4 12. exd4 Na5 13. Rac1 Qd8 14. Ne5 Rc8 15. f4 Nd7 16. Rf3 f5 17. Rh3 Nf6 18. b4 Nc6 19. Nxc6 Rxc6 20. c5 Ne4 21. Nf3 Bf6 22. b5 Rc7 23. c6 Bc8 24. Qe1 Nc5 25. dxc5 Bxb2 26. cxb6 axb6 27. Rd1 Bxa3 28. Kh1 Qf6 29. Ne5 Bd6 30. Qe3 Bc5 31. Qe2 Ra7 32. g4 g6 33. g5 Qg7 34. Rg3 Bd4 35. h4 Ra1 36. Rxa1 Bxa1 37. Rf3 Bxe5 38. fxe5 Rf7 39. Qe3 Ra7 40. Qxb6 Ra1+ 41. Rf1 Qxe5 42. Qd8+ Kf7 43. Qf6+ Qxf6 44. gxf6 Ra3 45. b6 Rxd3 46. Rb1 Rh3+ 47. Kg2 Rxh4 48. b7 Rg4+ 49. Kf3 Bxb7 50. cxb7 e5 51. b8Q Rf4+ 52. Kg3 Rg4+ 53. Kh3 Kxf6 54. Qd8+ Kg7 55. Rb7+ Kh6 56. Qf8+ Kg5 57. Qe7+ Kf4 58. Rb4+ Kf3 59. Rb3+ Kf4 60. Qxh7 d4 61. Qb7 e4 62. Qc7+ Kg5 63. Qd8+ Kh5 64. Qxd4 Rh4+ 65. Kg2 Rg4+ 66. Rg3 Rxg3+ 67. Kxg3 Kg5 68. Qd8+ Kh5 69. Kf4 g5+ 70. Qxg5# 1-0

[Event "BAN-ch (Women) 38th"]
[Site "Dhaka"]
[Date "2018.08.10"]
[Round "3"]
[White "Ahmed, Walijah"]
[Black "Sultana, Zakia"]
[Result "1/2-1/2"]
[WhiteElo "1651"]
[BlackElo "1837"]
[PlyCount "42"]
[EventDate "2018.08.08"]
[EventType "swiss"]
[EventRounds "9"]
[EventCountry "BAN"]
[SourceTitle "EXT 2019"]
[Source "ChessBase"]
[SourceDate "2018.10.10"]
[SourceVersion "1"]
[SourceVersionDate "2018.10.10"]
[SourceQuality "1"]

1. e4 e6 2. d4 d5 3. Nc3 Nf6 4. Bg5 Bb4 5. e5 h6 6. Bd2 Bxc3 7. bxc3 Ne4 8. Qg4 g6 9. Bd3 h5 10. Qf4 Nxd2 11. Kxd2 Qe7 12. h4 Nd7 13. Nf3 c5 14. g4 c4 15. Be2 hxg4 16. Qxg4 Nf8 17. h5 gxh5 18. Rxh5 Rxh5 19. Qxh5 Bd7 20. Qg5 Qxg5+ 21. Nxg5 Ke7 1/2-1/2

[Event "Dhaka Laila Alam op 9th"]
[Site "Dhaka"]
[Date "2018.02.05"]
[Round "5"]
[White "Sultana, Sharmin Shirin"]
[Black "Sultana, Zakia"]
[Result "1-0"]
[WhiteElo "1963"]
[BlackElo "1842"]
[PlyCount "171"]
[EventDate "2018.02.01"]
[EventType "swiss"]
[EventRounds "7"]
[EventCountry "BAN"]
[SourceTitle "CBM 182 Extra"]
[Source "ChessBase"]
[SourceDate "2018.02.23"]
[SourceVersion "1"]
[SourceVersionDate "2018.02.23"]
[SourceQuality "1"]

1. d4 d5 2. c4 e6 3. Nc3 Nf6 4. Nf3 Be7 5. Bg5 c6 6. e3 Nbd7 7. Rc1 0-0 8. Qc2 Re8 9. a3 Nf8 10. Bd3 dxc4 11. Bxc4 Nd5 12. Bxe7 Qxe7 13. 0-0 Rd8 14. e4 Nf4 15. e5 Bd7 16. Ne4 Be8 17. Ba2 h6 18. Rfe1 Nd5 19. Ng3 f5 20. exf6 Qxf6 21. Ne4 Qe7 22. Nc5 Bf7 23. Ne5 Rac8 24. Rcd1 b6 25. Ne4 Be8 26. Qe2 Qh4 27. g3 Qh5 28. Rc1 Qxe2 29. Rxe2 Ne7 30. Rd2 Nf5 31. Rcd1 Nd6 32. Nc3 g6 33. f3 Kg7 34. Kf2 Rc7 35. Rc1 Rcc8 36. Ne2 c5 37. Rcd1 Nf5 38. dxc5 Rxd2 39. Rxd2 Rxc5 40. Nd3 Rc7 41. Nef4 Bf7 42. Ne5 g5 43. Ne2 Rc5 44. Nd3 Rc7 45. Nb4 h5 46. Nc3 a5 47. Nc2 Rd7 48. Re2 Nd4 49. Nxd4 Rxd4 50. Ne4 Nh7 51. Rc2 Rd7 52. Ke3 g4 53. fxg4 hxg4 54. Rc6 Rb7 55. Bxe6 Be8 56. Rc8 Re7 57. Bf5 Nf6 58. Kd4 Bd7 59. Rc7 Nxe4 60. Rxd7 Rxd7+ 61. Bxd7 Nf6 62. Bf5 Kh6 63. Ke5 Kg5 64. Bc8 b5 65. Kd4 b4 66. axb4 axb4 67. Bb7 Kf5 68. Bc8+ Kg5 69. b3 Ng8 70. Kc4 Ne7 71. Bd7 Ng6 72. Kxb4 Ne5 73. Bc8 Nf3 74. h3 gxh3 75. Bxh3 Kf6 76. Bg2 Nd4 77. Bb7 Kg5 78. Bc8 Nc6+ 79. Kc5 Ne5 80. g4 Kf6 81. Bf5 Ke7 82. b4 Kd8 83. Kd6 Nc4+ 84. Kc6 Ne5+ 85. Kb7 Nc4 86. b5 1-0

[Event "Dhaka Laila Alam op 9th"]
[Site "Dhaka"]
[Date "2018.02.04"]
[Round "4"]
[White "Sultana, Zakia"]
[Black "Hamid, Rani"]
[Result "1-0"]
[WhiteElo "1842"]
[BlackElo "1968"]
[PlyCount "147"]
[EventDate "2018.02.01"]
[EventType "swiss"]
[EventRounds "7"]
[EventCountry "BAN"]
[SourceTitle "CBM 182 Extra"]
[Source "ChessBase"]
[SourceDate "2018.02.23"]
[SourceVersion "1"]
[SourceVersionDate "2018.02.23"]
[SourceQuality "1"]

1. d4 Nf6 2. c4 e6 3. g3 d5 4. Bg2 Be7 5. Nf3 0-0 6. Qc2 b6 7. 0-0 Bb7 8. Ne5 Nfd7 9. Rd1 c6 10. cxd5 cxd5 11. Bf4 Nxe5 12. Bxe5 Nc6 13. Bf4 Rc8 14. Nc3 Bf6 15. Be3 Qe7 16. Qd2 Na5 17. b3 Rfd8 18. f4 g6 19. Bf2 Bg7 20. e3 Ba6 21. Bf1 Bxf1 22. Rxf1 Nb7 23. Qd3 Nd6 24. Rac1 f5 25. Qa6 Qd7 26. Rfd1 Rc7 27. Ne2 Rdc8 28. Rxc7 Rxc7 29. Qd3 Qc8 30. Be1 Ne4 31. Qb1 Qa6 32. Qb2 Bf8 33. a4 Ba3 34. Qa2 Bd6 35. Qb2 Ba3 36. Qa2 Bf8 37. Qb2 Nf6 38. h3 Ne4 39. Kg2 h5 40. Kf3 Bd6 41. Kg2 Qc8 42. Rc1 a5 43. Rxc7 Qxc7 44. Qc1 Qd7 45. Qc2 Kf7 46. Ng1 Be7 47. Nf3 Bf6 48. h4 Qb7 49. b4 Nd6 50. bxa5 Nc4 51. Qb3 Qa6 52. axb6 Nxb6 53. Qb5 Qxb5 54. axb5 Nc4 55. Kf2 Ke7 56. Bb4+ Kd7 57. Ke2 Kc7 58. Bc5 Kb7 59. Ne1 Bd8 60. Nd3 Bc7 61. Nb4 Ba5 62. Nc6 Bd2 63. Nd8+ Kc8 64. Nxe6 Bxe3 65. Nf8 Bc1 66. Nxg6 Kd7 67. Ne5+ Nxe5 68. fxe5 f4 69. Kf3 fxg3 70. Kxg3 Bd2 71. b6 Be1+ 72. Kh3 Ba5 73. Kg2 Be1 74. e6+ 1-0

[Event "Dhaka Laila Alam op 9th"]
[Site "Dhaka"]
[Date "2018.02.02"]
[Round "2"]
[White "Marufa Azad, Sukanna"]
[Black "Sultana, Zakia"]
[Result "0-1"]
[WhiteElo "1361"]
[BlackElo "1842"]
[PlyCount "86"]
[EventDate "2018.02.01"]
[EventType "swiss"]
[EventRounds "7"]
[EventCountry "BAN"]
[SourceTitle "CBM 182 Extra"]
[Source "ChessBase"]
[SourceDate "2018.02.23"]
[SourceVersion "1"]
[SourceVersionDate "2018.02.23"]
[SourceQuality "1"]

1. e4 e6 2. d4 d5 3. Bd3 Nf6 4. Bg5 dxe4 5. Bxe4 Be7 6. Bxf6 Bxf6 7. c3 c6 8. b4 Nd7 9. Nf3 Qc7 10. c4 Qf4 11. Nbd2 0-0 12. 0-0 Rd8 13. Re1 Nf8 14. g3 Qd6 15. c5 Qc7 16. Nb3 Bd7 17. a4 Be8 18. Bd3 b6 19. Rc1 bxc5 20. Rxc5 Qb6 21. b5 cxb5 22. Bxb5 a6 23. Bxe8 Rxe8 24. Ne5 Rab8 25. Na5 Be7 26. Nd7 Nxd7 27. Nc4 Qa7 28. Rh5 g6 29. Qg4 Nf6 30. Qg5 Nxh5 31. Qh6 Qxd4 32. Ne3 Rb2 33. g4 Qf4 34. Qxf4 Nxf4 35. Kf1 Bh4 36. Nd1 Rd2 37. Re5 Rxd1+ 38. Re1 Rxe1+ 39. Kxe1 Nd3+ 40. Ke2 Nxf2 41. Kf3 Rc8 42. Kg2 Rc3 43. Kf1 Nxg4 0-1

[Event "BAN-ch (Women) 37th"]
[Site "Dhaka"]
[Date "2017.08.26"]
[Round "7"]
[White "Sultana, Sharmin Shirin"]
[Black "Sultana, Zakia"]
[Result "1-0"]
[WhiteElo "1943"]
[BlackElo "1804"]
[PlyCount "125"]
[EventDate "2017.08.20"]
[EventType "swiss"]
[EventRounds "9"]
[EventCountry "BAN"]
[SourceTitle "CBM 180 Extra"]
[Source "ChessBase"]
[SourceDate "2017.10.06"]
[SourceVersion "1"]
[SourceVersionDate "2017.10.06"]
[SourceQuality "1"]

1. d4 d5 2. c4 e6 3. Nc3 Nf6 4. Nf3 c6 5. e3 Bd6 6. Qc2 Nbd7 7. b3 0-0 8. Be2 e5 9. cxd5 cxd5 10. dxe5 Nxe5 11. Bb2 Qe7 12. 0-0 Nxf3+ 13. Bxf3 Be6 14. Nb5 Rac8 15. Qd3 Bc5 16. a3 Rfd8 17. Nd4 Bb6 18. Rfd1 a6 19. h3 h6 20. Nf5 Bxf5 21. Qxf5 Qe6 22. Qd3 Ne4 23. Rac1 Rxc1 24. Rxc1 f5 25. Bd4 Qd6 26. Bxb6 Qxb6 27. Rd1 g6 28. b4 Kf7 29. Qb3 Ke6 30. Rd4 Ke5 31. Qb2 Ke6 32. Rd1 Qc7 33. Rc1 Qe5 34. Qa2 Kf6 35. a4 Rd7 36. b5 a5 37. Rc8 h5 38. h4 Kg7 39. Qa3 Re7 40. Rd8 Nf6 41. Qd6 Qxd6 42. Rxd6 Rd7 43. Rxd7+ Nxd7 44. Bxd5 b6 45. Bb3 Nc5 46. Bc2 Kf6 47. Kf1 Ke5 48. Ke2 Kd5 49. Kf3 Kc4 50. Kf4 Kb4 51. Kg5 Nxa4 52. Kxg6 Kxb5 53. Kxh5 Nc5 54. Kg6 a4 55. Bxa4+ Kxa4 56. h5 b5 57. h6 Nd7 58. Kg7 b4 59. h7 b3 60. h8Q b2 61. Qa8+ Kb3 62. Qd5+ Kc2 63. Qxd7 1-0